书目信息 |
| 题名: |
帝国的惆怅
|
|
| 作者: | 易中天 著 | |
| 分册: | ||
| 出版信息: | 上海 文汇出版社 2005.08 |
|
| 页数: | 272页 | |
| 开本: | 23cm | |
| 丛书名: | 文汇原创丛书 | |
| 单 册: | ||
| 中图分类: | C53 | |
| 科图分类: | ||
| 主题词: | 社会科学--she hui ke xue--文集 | |
| 电子资源: | ||
| ISBN: | 7-80676-276-0 | |
| 000 | 00921nam 2200253 450 | |
| 001 | 012007334168 | |
| 005 | 20070509104705.82 | |
| 010 | @a7-80676-276-0@dCNY26.00 | |
| 100 | @a20070409d2005 km y0chiy0120 ea | |
| 101 | 0 | @achi |
| 102 | @aCN@b310000 | |
| 105 | @ay z 000yy | |
| 200 | 1 | @a帝国的惆怅@Adi guo de chou chang@e中国历史上的官场和人性@f易中天著@Fyi zhong tian zhu |
| 210 | @a上海@c文汇出版社@d2005.08 | |
| 215 | @a272页@d23cm | |
| 225 | 2 | @a文汇原创丛书@Awen hui yuan chuang cong shu |
| 330 | @a本书为著名作家、学者易中天的学术随笔,内容涉及社会批评、读书扎记等多方面的内容。其中有:变法帮了腐败的忙,荒唐的正义等内容。 | |
| 410 | 0 | @12001 @a文汇原创丛书 |
| 517 | 1 | @a中国历史上的官场和人性@Azhong guo li shi shang de guan chang he ren xing |
| 606 | 0 | @a社会科学@Ashe hui ke xue@j文集 |
| 690 | @aC53@v4 | |
| 701 | 0 | @a易中天@Ayi zhong tian@4著 |
| 801 | 0 | @aCN@c20070509 |
| 905 | @a10447@dC53@eY556 | |
| 帝国的惆怅:中国历史上的官场和人性/易中天著.-上海:文汇出版社,2005.08 |
| 272页;23cm.-(文汇原创丛书) |
| ISBN 7-80676-276-0:CNY26.00 |
| 本书为著名作家、学者易中天的学术随笔,内容涉及社会批评、读书扎记等多方面的内容。其中有:变法帮了腐败的忙,荒唐的正义等内容。 |
| ● |
| 相关链接 |
|
|
|
正题名:帝国的惆怅
索取号:C53/Y556
 
预约/预借
| 序号 | 登录号 | 条形码 | 馆藏地/架位号 | 状态 | 备注 |
| 1 | 240232 | 202402328 | 社科库509/509社科库 54排9列1层/ [索取号:C53/Y556] | 在馆 | |
| 2 | 240233 | 202402337 | 社科库509/509社科库 54排9列1层/ [索取号:C53/Y556] | 在馆 | |
| 3 | 240234 | 202402346 | 社科库509/509社科库 54排9列1层/ [索取号:C53/Y556] | 在馆 | |
| 4 | 240235 | 202402355 | 社科库509/509社科库 54排9列1层/ [索取号:C53/Y556] | 在馆 | |
| 5 | 240236 | 202402364 | 社科库509/509社科库 54排9列1层/ [索取号:C53/Y556] | 在馆 |